| 000 | 01459nam a2200325Ic 4500 | ||
|---|---|---|---|
| 001 | 59800 | ||
| 003 | CO-BoRNBP | ||
| 005 | 20251106200911.0 | ||
| 007 | ta | ||
| 008 | 180109s2011 mx a g 000 0 spa | ||
| 020 | _a9786070224539 | ||
| 040 |
_aCO-BoRNBP _bspa _erda _cCO-BoRNBP |
||
| 041 | _aspa | ||
| 082 | 0 | 4 |
_a613 _bG65p |
| 100 |
_aGonzález Guzmán, Rafael _eaut _966665 |
||
| 245 | 1 | 0 |
_aPromoción de la salud en el ciclo de vida / _cRafael González Guzmán, Juan Manuel E. Castro Albarrán y Laura Moreno Altamirano. |
| 250 | _aPrimera edición | ||
| 264 | 1 |
_aMéxico : _bMc Graw Hill, _c2011 |
|
| 300 |
_a330 páginas : _bilustraciones, fotografías en blanco y negro |
||
| 336 |
_atexto _btxt _2rdacontent |
||
| 337 |
_asin mediación _bn _2rdamedia |
||
| 338 |
_avolumen _bnc _2rdacarrier |
||
| 500 | _aIncluye bibliografía e índice alfabético | ||
| 505 | 0 | _a1. Desarrollo humano, salud y calidad de vida -- 2. Promoción de la salud -- 3. Salud y enfermedad en el embarazo y en la infancia -- 4. Salud y enfermedad en la adolescencia -- 5. Salud y enfermedad durante la vida adulta -- 6. Salud y enfermedad en los adultos mayores en México y en el mundo -- 7. Estrategias instrumentales -- 8. Evaluación de la promoción de la salud | |
| 650 | 0 | 7 |
_aCalidad de vida _2LEMB _912637 |
| 650 | 0 | 7 |
_aSalud _2LEMB _966666 |
| 700 |
_aCastro Albarrán, Juan Manuel E. _966667 |
||
| 700 |
_aMoreno Altamirano, Laura, _966668 |
||
| 942 |
_2ddc _cBK |
||
| 999 |
_c59800 _d59800 |
||